[Event "AUTO-OPEN-982"]
[Site "http://www.queenalice.com/game.php?id=341795"]
[Date "2008.1.24"]
[Round "1"]
[White "DCC15"]
[Black "bjornboy"]
[Result "0-1"]
[WhiteElo "985"]
[BlackElo "1308"]

1. Nf3 Nc6 2. e3 e5 3. Ng5 Qxg5 4. h4 Qd8 5. Rh3 d5 6. Rf3 Bg4 7. Rg3 Bxd1 8.
Kxd1 Nf6 9. Bb5 Qd6 10. d3 Be7 11. Rxg7 O-O-O 12. d4 exd4 13. exd4 Nxd4 14. a3
Qh2 15. a4 Qg1+ 16. Kd2 Qxf2+ 17. Kd3 Nxc2 18. Ra2 Nb4+ 19. Kc3 Nxa2+ 20. Kb3
Nxc1+ 21. Kc3 Ne4# 0-1

[Event "Challenge"]
[Site "http://www.queenalice.com/game.php?id=341989"]
[Date "2008.1.24"]
[Round "-"]
[White "schizo"]
[Black "bjornboy"]
[Result "0-1"]
[WhiteElo "1106"]
[BlackElo "1327"]

1. e4 e5 2. c3 Nf6 3. d4 Nxe4 4. Bd3 Nf6 5. h3 exd4 6. cxd4 d5 7. Qa4+ Nc6 8. b3
Be7 9. Ba3 O-O 10. h4 Bxa3 11. Nxa3 Re8+ 12. Ne2 Qe7 13. h5 h6 14. f4 Ng4 15.
Kd2 Nf2 16. Rhg1 Qe3+ 17. Ke1 Nxd3+ 18. Kf1 Qf2# 0-1

[Event "Challenge"]
[Site "http://www.queenalice.com/game.php?id=342085"]
[Date "2008.1.24"]
[Round "-"]
[White "wgeorge"]
[Black "bjornboy"]
[Result "1-0"]
[WhiteElo "1587"]
[BlackElo "1463"]

1. e4 e5 2. Nf3 Nc6 3. Bb5 Nd4 4. Nxd4 exd4 5. d3 c6 6. Ba4 b5 7. Bb3 Bd6 8. Nd2
Nf6 9. Nf3 h6 10. e5 Bb4+ 11. c3 dxc3 12. O-O Nd5 13. Bxd5 cxd5 14. a3 Be7 15.
bxc3 O-O 16. d4 f5 17. exf6 Bxf6 18. Re1 1-0

[Event "Challenge"]
[Site "http://www.queenalice.com/game.php?id=343655"]
[Date "2008.1.27"]
[Round "-"]
[White "bjornboy"]
[Black "KarlHeinzSwindler"]
[Result "0-1"]
[WhiteElo "1412"]
[BlackElo "1500"]

1. e4 e5 2. Nf3 Nc6 3. c4 Nf6 4. Nc3 Bc5 5. h3 O-O 6. d3 Re8 7. Be2 Nd4 8. O-O
Nxf3+ 9. Bxf3 c6 10. a3 d5 11. cxd5 cxd5 12. exd5 Bd4 13. Ne4 Nxd5 14. a4 b6 15.
Rb1 Ba6 16. b4 Qe7 17. b5 Bb7 18. Ng3 Nc3 19. Qc2 Nxb1 20. Qxb1 Bxf3 21. gxf3
Rad8 22. Nf5 Qb7 23. Nxd4 Rxd4 24. Be3 Rxa4 25. Qd1 Rh4 26. Kg2 Qd7 27. Qd2
Qxh3+ 0-1

[Event "Let's Play Chess!"]
[Site "http://www.queenalice.com/game.php?id=343797"]
[Date "2008.1.27"]
[Round "-"]
[White "bjornboy"]
[Black "Marcelo_Araujo"]
[Result "0-1"]
[WhiteElo "1500"]
[BlackElo "1723"]

1. e4 d6 2. d4 Nf6 3. Nc3 g6 4. Nf3 Bg7 5. Be3 O-O 6. Be2 b6 7. O-O Bb7 8. Bd3
Nc6 9. a3 Ng4 10. b4 Nxe3 11. fxe3 e6 12. b5 Ne7 13. h3 c5 14. d5 Bxc3 15. Rb1
exd5 16. e5 dxe5 17. Rb3 Ba5 18. c4 e4 19. Bc2 exf3 20. Rxf3 dxc4 21. Rb1 Bxf3
22. Qxf3 Qd2 23. Be4 Qa2 0-1

[Event "Challenge"]
[Site "http://www.queenalice.com/game.php?id=347794"]
[Date "2008.2.3"]
[Round "-"]
[White "jcmobregon"]
[Black "bjornboy"]
[Result "1-0"]
[WhiteElo "2133"]
[BlackElo "1601"]

1. c4 e5 2. g3 Nf6 3. Nc3 c5 4. Bg2 d6 5. d3 Nc6 6. Nf3 Be7 7. O-O O-O 8. Rb1
Rb8 9. a3 a6 10. b4 cxb4 11. axb4 Nd4 12. Nxd4 exd4 13. Nd5 Nxd5 14. Bxd5 Bg5
15. e3 dxe3 16. Bxe3 Kh8 17. Qf3 f6 18. h4 Bxe3 19. fxe3 b6 20. Kh2 h6 21. Qh5
Qe7 22. Qf3 f5 23. Bc6 Bb7 24. Bxb7 Rxb7 25. Qf4 Qe6 26. Ra1 a5 27. bxa5 bxa5
28. Rxa5 Rbf7 29. h5 g6 30. Qxh6+ Kg8 31. Qxg6+ Qxg6 32. hxg6 Rg7 33. Raxf5 Rxf5
34. Rxf5 Rxg6 35. Kg2 Re6 36. Kf3 Kg7 37. g4 Kg6 38. d4 Re7 39. c5 dxc5 40. Rxc5
Rd7 41. Kf4 Rd6 42. Rf5 Kh6 43. g5+ Kg6 44. Rf6+ Rxf6+ 45. gxf6 Kxf6 46. d5 1-0

[Event "Challenge"]
[Site "http://www.queenalice.com/game.php?id=349046"]
[Date "2008.2.5"]
[Round "-"]
[White "bjornboy"]
[Black "KarlHeinzSwindler"]
[Result "0-1"]
[WhiteElo "1564"]
[BlackElo "1822"]

1. e4 e5 2. Nf3 Nc6 3. c4 Nf6 4. Nc3 Bc5 5. h3 O-O 6. Be2 Nd4 7. Nxd4 Bxd4 8.
O-O Bxc3 9. dxc3 Nxe4 10. Bd3 Nc5 11. Bc2 d6 12. Bd2 Re8 13. b4 Nd7 14. a4 b6
15. a5 Qh4 16. f4 a6 17. f5 Qxc4 18. Qg4 Qxg4 19. hxg4 Nf6 20. g5 Ng4 21. c4 Bb7
22. f6 Re6 23. fxg7 Kxg7 24. axb6 cxb6 25. Rae1 Rae8 26. Rf5 e4 27. c5 bxc5 28.
bxc5 d5 29. Ref1 f6 30. gxf6+ Nxf6 31. Ba4 Rf8 32. Bg5 e3 33. Re1 d4 34. Bb3 Nd5
35. Rxf8 Kxf8 36. Bxd5 Bxd5 37. Rf1+ Ke8 38. Ra1 e2 39. Re1 d3 40. g4 Rg6 0-1

[Event "AUTO-INT-781"]
[Site "http://www.queenalice.com/game.php?id=349071"]
[Date "2008.2.5"]
[Round "1"]
[White "mariolusena"]
[Black "bjornboy"]
[Result "1-0"]
[WhiteElo "1953"]
[BlackElo "1605"]

1. e4 e5 2. Nf3 Nc6 3. d4 d6 4. dxe5 Nxe5 5. Nxe5 dxe5 6. Qxd8+ Kxd8 7. Bc4 Be6
8. Bxe6 fxe6 9. O-O Nf6 10. Bg5 Be7 11. Nc3 Kd7 12. Rad1+ Bd6 13. f4 exf4 14. e5
Nh5 15. exd6 cxd6 16. Ne4 Rae8 17. Nxd6 h6 18. Bxf4 Nxf4 19. Rxf4 e5 20. Ra4 Re6
21. Nf7+ Kc8 22. Nxh8 e4 23. Rxa7 e3 24. a4 e2 25. Re1 g5 26. Kf2 Kb8 27. Ra5 b6
28. Rb5 Re8 29. Nf7 Rf8 30. Rxb6+ Kc7 31. Rf6 Kd7 32. Rxe2 h5 33. Ne5+ Ke7 34.
Rxf8 1-0

[Event "AUTO-INT-781"]
[Site "http://www.queenalice.com/game.php?id=349072"]
[Date "2008.2.5"]
[Round "1"]
[White "bjornboy"]
[Black "mariolusena"]
[Result "0-1"]
[WhiteElo "1611"]
[BlackElo "1951"]

1. e4 c5 2. c4 Nc6 3. Nf3 e5 4. Nc3 Nf6 5. Be2 a6 6. O-O d6 7. d3 Be7 8. Nd5 O-O
9. Nxe7+ Qxe7 10. a3 b5 11. cxb5 axb5 12. Nh4 Nxe4 13. dxe4 Qxh4 14. Qxd6 Bb7
15. Qxc5 Nd4 16. Qc7 Nxe2+ 17. Kh1 Qxe4 18. f3 Qd5 19. b4 e4 20. fxe4 Qxe4 21.
Rf3 Rac8 22. Qb6 Nxc1 23. Qg1 Qxf3 24. Rb1 Ne2 25. gxf3 Nxg1 26. Kxg1 Bxf3 27.
Rf1 Be2 28. Rf2 Bc4 29. h4 Ra8 30. h5 Rxa3 31. Rg2 Rb3 32. h6 g6 33. Kh2 Rxb4
34. Kh3 Bf1 35. Kg3 Bxg2 0-1

[Event "AUTO-INT-781"]
[Site "http://www.queenalice.com/game.php?id=349091"]
[Date "2008.2.5"]
[Round "1"]
[White "bjornboy"]
[Black "Francisco_Ferraz"]
[Result "0-1"]
[WhiteElo "1450"]
[BlackElo "1551"]

1. e4 c5 2. c4 Nf6 3. Nc3 b6 4. Nf3 Bb7 5. d3 d6 6. Be2 e5 7. O-O h6 8. Nh4 Be7
9. f4 Nc6 10. Nf5 O-O 11. fxe5 Nxe5 12. Nd5 Bxd5 13. exd5 Qd7 14. Nxe7+ Qxe7 15.
h3 a6 16. a4 a5 17. Be3 Nfd7 18. d4 cxd4 19. Bxd4 f6 20. Bc3 Nc5 21. Bxe5 fxe5
22. Re1 Ne4 23. Bf3 Ng5 0-1

[Event "AUTO-INT-781"]
[Site "http://www.queenalice.com/game.php?id=349092"]
[Date "2008.2.5"]
[Round "1"]
[White "Francisco_Ferraz"]
[Black "bjornboy"]
[Result "1-0"]
[WhiteElo "1563"]
[BlackElo "1437"]

1. b3 e5 2. Bb2 Nc6 3. e3 Nf6 4. Bb5 Be7 5. Bxc6 dxc6 6. Bxe5 O-O 7. h3 Be6 8.
d3 b5 9. Nd2 Qd5 10. Ngf3 Rac8 11. c4 Qxd3 12. Nd4 Qg6 13. Nxe6 fxe6 14. O-O
bxc4 15. Nxc4 Nd5 16. Na5 c5 17. Nc6 Bd6 18. Bxd6 cxd6 19. Nxa7 Rce8 20. Nb5 Rd8
21. g4 1-0

[Event "AUTO-INT-789"]
[Site "http://www.queenalice.com/game.php?id=352276"]
[Date "2008.2.10"]
[Round "1"]
[White "celsoMartins"]
[Black "bjornboy"]
[Result "1-0"]
[WhiteElo "1676"]
[BlackElo "1482"]

1. d4 e6 2. e4 d6 3. Nf3 Nc6 4. Bb5 Bd7 5. Nc3 Nf6 6. Bg5 Be7 7. O-O O-O 8. Re1
a6 9. Bxc6 Bxc6 10. e5 dxe5 11. Nxe5 h6 12. Nxc6 bxc6 13. Bh4 1-0

[Event "AUTO-INT-789"]
[Site "http://www.queenalice.com/game.php?id=352277"]
[Date "2008.2.10"]
[Round "1"]
[White "bjornboy"]
[Black "celsoMartins"]
[Result "0-1"]
[WhiteElo "1472"]
[BlackElo "1684"]

1. e4 c5 2. c4 Nc6 3. Nf3 d6 4. Nc3 g6 5. Be2 Bg7 6. O-O Nf6 7. d4 cxd4 8. Nxd4
O-O 9. Nxc6 bxc6 10. Bg5 Rb8 11. b3 Qa5 12. Qc2 Qxg5 0-1

[Event "AUTO-INT-789"]
[Site "http://www.queenalice.com/game.php?id=352292"]
[Date "2008.2.10"]
[Round "1"]
[White "Chazam"]
[Black "bjornboy"]
[Result "1-0"]
[WhiteElo "1633"]
[BlackElo "1534"]

1. e4 e5 2. Nf3 Nc6 3. Nc3 Nf6 4. d4 exd4 5. Nxd4 Nxd4 6. Qxd4 Be7 7. e5 Bc5 8.
Qxc5 b6 9. Qc4 d5 10. Qd3 Nd7 11. Qxd5 O-O 12. Bc4 Rb8 13. O-O Nc5 14. Qxd8 Rxd8
15. Be3 Be6 16. Bxe6 fxe6 17. Bxc5 bxc5 18. b3 g5 19. Rad1 Rf8 20. Ne4 Rb5 21.
Nxg5 c4 22. Nxe6 Rxe5 23. Nxf8 Kxf8 24. Rfe1 1-0

[Event "AUTO-INT-789"]
[Site "http://www.queenalice.com/game.php?id=352293"]
[Date "2008.2.10"]
[Round "1"]
[White "bjornboy"]
[Black "Chazam"]
[Result "0-1"]
[WhiteElo "1555"]
[BlackElo "1620"]

1. e4 e5 2. Nf3 Nc6 3. c4 Nf6 4. Nc3 Bb4 5. Be2 Bxc3 6. dxc3 Nxe4 7. O-O d6 8.
b4 a6 9. Qd3 Nf6 10. Qd2 Be6 11. Qg5 O-O 12. a4 h6 13. Qd2 e4 14. Nd4 Nxd4 15.
Qxd4 a5 16. b5 Re8 17. f3 Bf5 18. fxe4 Rxe4 19. Qf2 Bg6 20. Ra2 c6 21. bxc6 bxc6
22. Bd3 Re6 23. Bxg6 fxg6 0-1

[Event "AUTO-INT-789"]
[Site "http://www.queenalice.com/game.php?id=352302"]
[Date "2008.2.10"]
[Round "1"]
[White "theblackfox"]
[Black "bjornboy"]
[Result "1-0"]
[WhiteElo "1713"]
[BlackElo "1421"]

1. e4 e5 2. Nf3 Nc6 3. d4 Nxd4 4. Nxe5 d6 5. Qxd4 Nf6 6. Qc4 dxe5 7. Bg5 Be7 8.
Nc3 O-O 9. Bd3 c6 10. O-O-O Be6 11. Qa4 b5 12. Qa6 b4 13. Bc4 Qc8 14. Qxc8 Raxc8
15. Bxe6 1-0

[Event "AUTO-INT-789"]
[Site "http://www.queenalice.com/game.php?id=352303"]
[Date "2008.2.10"]
[Round "1"]
[White "bjornboy"]
[Black "theblackfox"]
[Result "0-1"]
[WhiteElo "1426"]
[BlackElo "1708"]

1. e4 e5 2. Nf3 Nf6 3. Nc3 Nc6 4. Be2 Bc5 5. h3 d5 6. exd5 Nxd5 7. O-O Bf5 8.
Nxd5 Qxd5 9. c4 Qe4 10. d3 Qxe2 11. Qxe2 O-O-O 12. Bd2 Bxd3 13. Qe3 Bxe3 14.
Rfe1 Bxd2 15. Nxd2 Nd4 0-1

[Event "AUTO-INT-800"]
[Site "http://www.queenalice.com/game.php?id=356915"]
[Date "2008.2.19"]
[Round "1"]
[White "coffeesean"]
[Black "bjornboy"]
[Result "1-0"]
[WhiteElo "1429"]
[BlackElo "1384"]

1. e4 e5 2. Nf3 Nc6 3. c3 Nf6 4. Bc4 h6 5. O-O d6 6. d4 exd4 7. Nxd4 Be7 8. h3
O-O 9. Re1 Na5 10. Na3 Nxc4 11. Nxc4 c5 12. Nb5 1-0

[Event "AUTO-INT-800"]
[Site "http://www.queenalice.com/game.php?id=356916"]
[Date "2008.2.19"]
[Round "1"]
[White "bjornboy"]
[Black "coffeesean"]
[Result "0-1"]
[WhiteElo "1370"]
[BlackElo "1443"]

1. e4 e5 2. Nf3 d6 3. Nc3 a6 4. d4 f6 5. dxe5 fxe5 6. Be2 h6 7. O-O Nc6 8. Nd5
Nge7 9. Nxe7 Bxe7 10. c3 b5 11. b4 a5 0-1